[Event "TCh-SUI 2011"]
[Site "Switzerland SUI"]
[Date "2011.08.28"]
[Round "7.4"]
[White "Landenbergue,C"]
[Black "Charmier,G"]
[Result "1/2-1/2"]
[WhiteElo "2398"]
[BlackElo "2180"]

1.d4 Nf6 2.Bg5 d5 3.e3 Ne4 4.Bf4 c5 5.Bd3 Nf6 6.c3 Qb6 7.Qc1 Nc6 8.Nd2 Bg4
9.Ngf3 e6 10.O-O Be7 11.a3 O-O 12.b4 cxd4 13.cxd4 Rfc8 14.Qb1 Qd8 15.Rc1 Bxf3
16.Nxf3 Bd6 17.Ne5 Ne7 18.Qb2 Ng6 19.Nxg6 hxg6 20.Bxd6 Qxd6 21.Rc3 Qd8 22.Rac1 Ne8
23.Rc5 Nd6 24.b5 Qa5 25.g3 Kf8 26.Kg2 Rd8 27.R1c2 Rac8 28.Rc1 Kg8 29.h4 Kf8
30.Qb3 Qd2 31.R1c2 Qa5 32.a4 Kg8 33.Qa3 Qe1 34.Rxc8 Nxc8 35.a5 Nd6 36.Rc7 Ne4
37.Bxe4 dxe4 38.Qe7 Rf8 39.Qd6 Qe2 40.Rxb7 Qf3+ 41.Kg1 g5 42.Rb8 Rxb8 43.Qxb8+ Kh7
44.hxg5  1/2-1/2

[Event "XVI Seahorse Open A"]
[Site "Rewal POL"]
[Date "2011.08.29"]
[Round "9.32"]
[White "Sielicki,T"]
[Black "Zmarzly,A"]
[Result "0-1"]
[WhiteElo "2022"]
[BlackElo "2094"]

1.d4 Nf6 2.Bg5 d5 3.Bxf6 exf6 4.e3 Bd6 5.c4 dxc4 6.Bxc4 O-O 7.Nc3 f5 8.Nf3 Nd7
9.O-O Nf6 10.Qb3 c6 11.Rfd1 Ne4 12.Ne5 Ng5 13.f4 Ne6 14.a4 Qe7 15.a5 f6 16.Nd3 Kh8
17.Re1 Re8 18.d5 Nc5 19.Nxc5 Bxc5 20.Kh1 Bd7 21.Rad1 b5 22.axb6 axb6 23.d6 Qf8
24.Na4 Rxa4 25.Qxa4 b5 26.Qa5 Ra8 27.Qc3 bxc4 28.Qxc4 Bxd6 29.Qd3 Bb4 30.Qxd7 Bxe1
31.Rxe1 Qc5 32.Qb7 Rd8 33.Qc7 Re8 34.Qd7 Rb8 35.Qc7 Qb6 36.Qxb6 Rxb6 37.Re2 Kg8
38.Kg1 Kf7 39.Kf2 Ke6 40.Rd2 c5 41.Ke2 c4 42.Kf3 g5 43.g3 g4+ 44.Ke2 Rd6
45.Rc2 Kd5 46.Rd2+ Kc5 47.Rc2 Kb4 48.Rc3 Ra6 49.e4 Re6 50.Ke3 Rxe4+ 51.Kd2 Rd4+
52.Ke3 Rd1 53.Rc2 Rd3+ 54.Ke2 Kb3 55.Rc1 Rd4 56.Ke3 Re4+ 57.Kd2 Kxb2 58.Rc2+ Kb3
59.Rc1 Rd4+ 60.Ke2 c3 61.Ke3 Rd2 62.Rb1+ Rb2 63.Ra1 Rxh2 64.Ra6 Rg2 65.Rb6+ Kc2
66.Rxf6 Rxg3+ 67.Ke2 Kb1 68.Rb6+ Kc1 69.Rh6 c2 70.Rxh7 Kb2 71.Rb7+ Rb3 72.Rc7 c1=Q  0-1

[Event "10th Sunny Beach Open"]
[Site "Sunny Beach BUL"]
[Date "2011.08.29"]
[Round "3.66"]
[White "Petkov,Matey"]
[Black "Gvilava,M"]
[Result "1-0"]
[WhiteElo "1622"]
[BlackElo "2018"]

1.d4 Nf6 2.Bg5 g6 3.Bxf6 exf6 4.e3 Bg7 5.c4 O-O 6.Nc3 d6 7.g3 f5 8.Bg2 Nd7
9.Nge2 Nf6 10.O-O Re8 11.d5 Ne4 12.Nxe4 fxe4 13.Nd4 Bd7 14.Qd2 Qc8 15.Rfc1 Bh3
16.Bh1 c5 17.dxc6 bxc6 18.c5 d5 19.b4 a6 20.a4 Rb8 21.Rab1 Bd7 22.Bg2 Re5
23.Bf1 Rh5 24.b5 axb5 25.axb5 Bxd4 26.Qxd4 cxb5 27.c6 Bh3 28.Be2 Rh6 29.c7 Rb7
30.Rxb5 Rxc7 31.Rxc7 Qxc7 32.Rxd5 Qc1+ 33.Bd1 f5 34.Rd8+ Kf7 35.Qd7+ Kf6
36.Rf8+ Ke5 37.Re8+  1-0

[Event "FIDE World Cup 2011"]
[Site "Khanty-Mansiysk RUS"]
[Date "2011.08.31"]
[Round "2.1"]
[White "Andreikin,D"]
[Black "Tomashevsky,E"]
[Result "0-1"]
[WhiteElo "2696"]
[BlackElo "2707"]

1.d4 Nf6 2.Bg5 d5 3.Bxf6 exf6 4.e3 Bd6 5.g3 O-O 6.Bg2 c6 7.Ne2 Be6 8.O-O Nd7
9.Qd3 f5 10.Nd2 Nf6 11.c4 Qe7 12.Rfc1 g6 13.a3 Rfd8 14.b4 Ne4 15.c5 Bc7 16.a4 h5
17.b5 h4 18.Rcb1 Rab8 19.b6 axb6 20.cxb6 Bd6 21.a5 Kg7 22.a6 bxa6 23.Rxa6 Bc8
24.Ra7 Rd7 25.Rxd7 Qxd7 26.Nc3 Qd8 27.Na4 Ba6 28.Qc2 Bb5 29.Nxe4 fxe4 30.Bf1 Bxa4
31.Qxa4 hxg3 32.hxg3 Rxb6 33.Rxb6 Qxb6 34.Qa8 Qc7 35.Kg2 Qd7 36.Be2 Be7 37.Bd1 c5
38.dxc5 Bxc5 39.Bb3 Qf5 40.Qxd5 Qf3+ 41.Kg1 Bxe3 42.Qe5+ f6 43.Qc7+ Kh6 44.fxe3 Qxe3+
45.Kh2 Qf2+ 46.Kh3 Qf1+ 47.Kh2 e3 48.Bc4 e2 49.Qc5 Qe1 50.Qd4 Qf1 51.Bxe2 Qxe2+
52.Kg1 Qf3 53.Kh2 Qe2+ 54.Kg1 Qe5 55.Qh4+ Kg7 56.Qg4 Qe3+ 57.Kg2 Qd2+ 58.Kg1 Qd3
59.Qf4 g5 60.Qb8 Qf3 61.Kh2 Qe2+ 62.Kg1 Kg6 63.Qc8 f5 64.Qd7 Qe3+ 65.Kg2 Qe4+
66.Kg1 Qb1+ 67.Kg2 Qc2+ 68.Kg1 Kh5 69.Qd4 Qe2 70.Qb4 Qe3+ 71.Kh2 Qf2+ 72.Kh1 Qxg3
73.Qe7 Qf3+ 74.Kh2 Kg4 75.Qa7 Qe2+ 76.Kh1 f4 77.Qd4 Kg3  0-1

[Event "10th Sunny Beach Open"]
[Site "Sunny Beach BUL"]
[Date "2011.08.31"]
[Round "5.43"]
[White "Zmijanac,D"]
[Black "Petrov,Martin"]
[Result "1-0"]
[WhiteElo "2179"]
[BlackElo "1933"]

1.d4 Nf6 2.Bg5 d5 3.Nf3 e6 4.c4 Be7 5.Nc3 O-O 6.e3 b6 7.cxd5 exd5 8.Bd3 Bb7
9.Qc2 h6 10.Bh4 c5 11.O-O Nbd7 12.Rfd1 Nh5 13.Bxe7 Qxe7 14.Rac1 Rac8 15.Bf5 Nhf6
16.Ne5 Nxe5 17.Bxc8 Rxc8 18.dxe5 Qxe5 19.Qa4 a6 20.Qh4 b5 21.b3 Re8 22.b4 c4
23.Rd4 Qe7 24.a3 Qc7 25.Rcd1 Bc6 26.g4 a5 27.g5 hxg5 28.Qxg5 axb4 29.axb4 Qe7
30.Rf4 Kf8 31.Rb1 Ra8 32.Rh4 Qd6 33.Rh8+ Ng8 34.Ne2 Bd7 35.Nf4 Be6 36.Nh5 g6
37.Nf6 Kg7 38.Rh7+ Kf8 39.Qh4 Qe5 40.Rh8 Kg7 41.Nxg8 Rxg8 42.Rh7+ Kf8  1-0

[Event "VII Ugra Governor's Cup"]
[Site "Khanty-Mansiysk RUS"]
[Date "2011.09.01"]
[Round "2"]
[White "Mikhalev,V"]
[Black "Smirnov,P"]
[Result "0-1"]
[WhiteElo "2111"]
[BlackElo "2558"]

1.d4 Nf6 2.Bg5 d5 3.Nd2 c5 4.dxc5 Na6 5.e3 Nxc5 6.Ngf3 e6 7.c4 Be7 8.Be2 O-O
9.O-O h6 10.Bh4 b6 11.b4 Nce4 12.Qb3 dxc4 13.Nxc4 Nd5 14.Bd3 Bxh4 15.Bxe4 Bf6
16.Rac1 Bb7 17.Rfd1 Qe7 18.a3 Nc3 19.Bxb7 Ne2+ 20.Kf1 Nxc1 21.Rxc1 Qxb7 22.Nd6 Qd7
23.Ne4 Be7 24.Nd4 Rac8 25.Rd1 Rfd8 26.f4 Qb7 27.Qd3 f5 28.Nc3 Bf6 29.Ncb5 a6
30.Nc3 Bxd4 31.exd4 Qc7 32.Ne2 Qc2  0-1

[Event "TCh-ESP CECLUB Div 1 GpB"]
[Site "Sabadell ESP"]
[Date "2011.09.01"]
[Round "4"]
[White "Cordova,E"]
[Black "Marin,Mi"]
[Result "1/2-1/2"]
[WhiteElo "2567"]
[BlackElo "2548"]

1.d4 Nf6 2.Bg5 c5 3.d5 d6 4.Nc3 g6 5.Qd2 Nbd7 6.e4 h6 7.Bf4 g5 8.Bg3 Nh5
9.Be2 Nxg3 10.hxg3 Bg7 11.f4 Qa5 12.Nh3 Nb6 13.Nb5 Qxd2+ 14.Kxd2 Kf8 15.Raf1 Bd7
16.fxg5 Bxb5 17.Bxb5 hxg5 18.Be2 Bf6 19.Rf5 Kg7 20.Rhf1 Rag8 21.g4 Kf8 22.e5 Bxe5
23.Nxg5 f6 24.Ne6+ Kf7 25.c4 Rh2 26.b3 Nd7 27.g5 Nf8 28.Bf3 b6 29.Kd3 Rgh8
30.gxf6 exf6 31.Nd8+ Kg7 32.Be4 Ng6 33.Ne6+ Kf7 34.Rg5 R2h6 35.Rg4 Rg8 36.a4 Bd4
37.Ke2 Ne5 38.Rxg8 Kxg8 39.Nc7 Rh4 40.Bf5 Rh2 41.Bh3 Nf7 42.Ne6 Ng5 43.Nxg5 fxg5
44.Kf3 Kg7 45.Re1 Kg6 46.Kg4 Be5 47.Re2 Kf6 48.Kh5 Bf4 49.Re1 Be5 50.Kg4 Bf4
51.Kf3 Kg6 52.Kf2 Be5 53.Bg4 Rh4 54.Bf3 Rd4 55.Be4+  1/2-1/2

[Event "TCh-POL Ekstraliga"]
[Site "Miedzybrodzie-Zywiec POL"]
[Date "2011.09.03"]
[Round "6.3"]
[White "Brodowski,P"]
[Black "Olszewski,Mi"]
[Result "0-1"]
[WhiteElo "2437"]
[BlackElo "2542"]

1.d4 Nf6 2.Bg5 c5 3.Bxf6 gxf6 4.dxc5 Na6 5.Nc3 Nxc5 6.e4 d6 7.Nf3 f5 8.e5 Bg7
9.exd6 O-O 10.dxe7 Qxe7+ 11.Be2 Be6 12.O-O Rfd8 13.Qc1 Ne4 14.Nd1 Qf6 15.c3 Rac8
16.Qe3 Nc5 17.Nd4 f4 18.Qf3 Bd5 19.Qh3 Rc7 20.Qf5 Re7 21.Re1 Qg6 22.Qh3 Bxd4
23.cxd4 Nd3 24.Nc3 Nxe1 25.Rxe1 f3 26.Nxd5 Rxe2 27.Rxe2  0-1

[Event "VII Ugra Governor's Cup"]
[Site "Khanty-Mansiysk RUS"]
[Date "2011.09.04"]
[Round "5"]
[White "Kondakov,S"]
[Black "Genkel,Dmitriy"]
[Result "1-0"]
[WhiteElo "2069"]
[BlackElo "1845"]

1.d4 Nf6 2.Bg5 d5 3.Bxf6 exf6 4.e3 g6 5.c4 dxc4 6.Bxc4 Bg7 7.Nc3 O-O 8.Nge2 f5
9.h4 h5 10.Nf4 Kh7 11.Qb3 Qd7 12.O-O-O Nc6 13.Qc2 b6 14.Qe2 Bb7 15.Bd3 Ne7
16.Kb1 Rad8 17.Bc2 Qc8 18.Bb3 Ng8 19.Rc1 Nf6 20.Rhd1 a6 21.g3 Rd7 22.Nd3 Qa8
23.Ne5 Re7 24.Qe1 Ng4 25.Nxg4 fxg4 26.Rd2 Rd8 27.Ka1 Bxd4 28.Rcd1 Bxc3 29.bxc3 Rde8
30.Rd7 Bc6 31.R7d4 Bf3 32.R1d2 Kg7 33.Qf1 c5 34.Rd6 b5 35.c4 b4 36.Qc1 a5
37.Ba4 Rc8 38.Qb2+ Kg8 39.Qf6  1-0

[Event "9th Amantea Open"]
[Site "Amantea ITA"]
[Date "2011.09.05"]
[Round "2"]
[White "Mladenov,P"]
[Black "Roos,Dav"]
[Result "1-0"]
[WhiteElo "2371"]
[BlackElo "2011"]

1.d4 Nf6 2.Bg5 c5 3.d5 Ne4 4.Bf4 Qb6 5.Bc1 e5 6.f3 Nd6 7.e4 f5 8.Nc3 Be7
9.exf5 Nxf5 10.Bd3 O-O 11.Be4 d6 12.Qd3 Na6 13.a3 Bd7 14.g4 Bh4+ 15.Kd1 c4
16.Qxc4 Rac8 17.Qf1 Ne3+ 18.Bxe3 Qxb2 19.Rb1 Qxc3 20.Bd2 Qc7 21.Bb4 Bxg4
22.Qd3 Bd7 23.Bxh7+ Kh8 24.Ne2 Ba4 25.Be4 Qb6 26.Nc3 Bd7 27.Rb3 Rf4 28.Ne2 Rf6
29.Be1 Nc5 30.Rxb6 Nxd3 31.Bxh4 axb6 32.cxd3 Rf7 33.Kd2 Bf5 34.Rb1 Ra8 35.Rxb6 Rxa3
36.Rxd6 Bxe4 37.fxe4 Rf3 38.Nc1 Ra1 39.Rd8+ Kh7 40.d6 Rf1 41.Rc8  1-0

[Event "TCh-POL 1st League"]
[Site "Mrzezyno POL"]
[Date "2011.09.05"]
[Round "3"]
[White "Bednarek,S"]
[Black "Swiech,Pr1"]
[Result "0-1"]
[WhiteElo "2333"]
[BlackElo "2244"]

1.d4 Nf6 2.Bg5 g6 3.Bxf6 exf6 4.c4 d5 5.cxd5 Qxd5 6.Nc3 Qa5 7.e3 Bg7 8.a3 O-O
9.b4 Qb6 10.Nf3 f5 11.Qc2 Be6 12.Rc1 a5 13.b5 Qd6 14.a4 f4 15.Bd3 fxe3 16.fxe3 Bh6
17.Ne4 Qa3 18.Kf2 Nd7 19.Neg5 Rae8 20.Rhe1 Bg4 21.h4 Re7 22.Qd2 Qd6 23.Qxa5 Bxf3
24.Nxf3 Nf6 25.e4 Ng4+ 26.Kg1 Qg3 27.Rc2 Be3+ 28.Rxe3 Nxe3 29.Re2 Nxg2 30.Rxg2 Qxf3
31.Qd2 Rd7 32.d5 Qf6 33.Qf2 Qa1+ 34.Kh2 Ra8 35.Bc2 Re7 36.Qf4 Rxa4 37.h5 Rb4
38.hxg6 hxg6 39.Bd3 Qh8+ 40.Kg3 Rb3 41.Rd2 Qd4 42.Qf3 Re5 43.Kg2 Rg5+ 44.Kh3 Qh8+  0-1

[Event "Yuzhny Open"]
[Site "Yuzhny UKR"]
[Date "2011.09.05"]
[Round "4.34"]
[White "Reshetkov,K"]
[Black "Isaev,Valentin"]
[Result "1-0"]
[WhiteElo "2265"]
[BlackElo "1875"]

1.d4 Nf6 2.Bg5 g6 3.Bxf6 exf6 4.e3 f5 5.Nh3 Bg7 6.g3 O-O 7.Bg2 d5 8.O-O c6
9.c4 dxc4 10.Na3 Be6 11.Qc2 Bd5 12.Nxc4 Bxg2 13.Kxg2 Na6 14.Nf4 Qe7 15.Rfd1 Nc7
16.Rac1 Rfd8 17.Na5 Qb4 18.Qc3 Qb6 19.Nc4 Qa6 20.Qa5 Rd7 21.Nd3 Qxa5 22.Nxa5 Ne6
23.Kf1 f6 24.a3 Bf8 25.Nb3 Rad8 26.Rc2 Rd5 27.Rdc1 Kf7 28.Ke2 Ke8 29.Rc4 Be7
30.R4c3 Kf7 31.Rc4 a6 32.R4c2 Ke8 33.Na1 Kf7 34.b4 h6 35.Nb3 g5 36.f4 g4
37.Nbc5 Bxc5 38.bxc5 R5d7 39.Rb2 Rc7 40.Rcb1 Rdd7 41.Rd2 Rc8 42.Nb2 Nc7 43.Nc4 Nd5
44.Nd6+ Kg6 45.Nxc8 Nc3+ 46.Kd3 Nxb1 47.Rb2 Nxa3 48.h3 Nb5 49.Nb6 Rd8 50.Nc4 h5
51.Rh2 Rd7 52.Nb6 Rd8 53.Nc4 Rd7 54.Na5 Rh7 55.Rh1 Rd7 56.Nb3 Rd8 57.Na1 a5
58.Nb3 a4 59.Na5 Rb8 60.h4 Kf7 61.Ra1 a3 62.Ra2 Ke6 63.Kc4 Kd7 64.d5 Kc7
65.Nb3 Re8 66.Nd4 Rxe3 67.d6+ Kd7 68.Nxf5 Rc3+ 69.Kb4 Rf3 70.Re2 Rd3 71.Ng7 Rb3+
72.Kxb3 Nd4+ 73.Kxa3 Nxe2 74.Nxh5 f5 75.Kb4 b5 76.cxb6 Kxd6 77.Kc4 c5 78.b7 Kc7
79.Kxc5 Kxb7 80.Kd6  1-0

[Event "TCh-POL 1st League"]
[Site "Mrzezyno POL"]
[Date "2011.09.07"]
[Round "5"]
[White "Betkowski,A"]
[Black "Wypych,D"]
[Result "1/2-1/2"]
[WhiteElo "2185"]
[BlackElo "2097"]

1.d4 Nf6 2.Bg5 d5 3.e3 c5 4.Nf3 Qb6 5.Qc1 Nc6 6.c3 h6 7.Bf4 Bf5 8.Be2 e6
9.Nbd2 Rc8 10.a4 Be7 11.O-O O-O 12.Ne5 cxd4 13.Nxc6 bxc6 14.exd4 c5 15.Nf3 Rfe8
16.h3 Bh7 17.Be5 Nd7 18.Bg3 cxd4 19.Nxd4 Nc5 20.Rd1 a6 21.a5 Qb7 22.f4 Bf6
23.Ra2 Ne4 24.Bf2 Nxf2 25.Kxf2 e5 26.fxe5 Bg5 27.Qa1 Rxe5 28.Bd3 Be3+ 29.Kf1 Be4
30.Bxe4 Rxe4 31.b4 Qc7 32.Rd3 Qc4 33.Qb1 Bxd4 34.cxd4 Rxd4 35.Rd2 Re8 36.Kg1 Rxd3
37.Qxd3 Re1+ 38.Kf2 Rc1 39.Qxc4 dxc4 40.Rd8+ Kh7 41.Rc8 c3 42.Ke2 Rb1 43.Rxc3 Rxb4
44.Rc6 Ra4 45.Rxa6 Ra3 46.Kf2  1/2-1/2

[Event "FIDE World Cup 2011"]
[Site "Khanty-Mansiysk RUS"]
[Date "2011.09.08"]
[Round "4.4"]
[White "Bruzon Batista,L"]
[Black "Ponomariov,R"]
[Result "1-0"]
[WhiteElo "2673"]
[BlackElo "2764"]

1.d4 Nf6 2.Bg5 d5 3.Nd2 c5 4.e3 Qb6 5.Bxf6 exf6 6.Ngf3 cxd4 7.Nxd4 Qxb2 8.Rb1 Qc3
9.Rb3 Qc7 10.c4 Bc5 11.Nb5 Qd8 12.cxd5 O-O 13.Nc3 Nd7 14.Be2 Bd6 15.Nc4 Nc5
16.Rb2 Be5 17.Nxe5 fxe5 18.O-O Bf5 19.Qd2 Rc8 20.Rd1 Qf6 21.f3 a6 22.a4 Qd8
23.Rb4 Qa5 24.Qb2 Rfd8 25.h3 h6 26.Rc4 Nxa4 27.Nxa4 Rxc4 28.Bxc4 Qxa4 29.Rc1 b5
30.Ba2 Qa5 31.e4 Bd7 32.Kh2 Re8 33.f4 exf4 34.e5 Qb6 35.Re1 Qg6 36.Qf2 Qg3+
37.Qxg3 fxg3+ 38.Kxg3 Kf8 39.e6 fxe6 40.dxe6 Bc8 41.Kf4 Bb7 42.Ke5 Ke7 43.Rf1 Rf8
44.Rxf8 Kxf8 45.Kd6 Bxg2 46.e7+ Ke8 47.Be6 Bc6 48.Bf5 Kf7 49.Bd7  1-0

[Event "8th LGA Premium Cup"]
[Site "Nuernberg GER"]
[Date "2011.09.09"]
[Round "2.67"]
[White "Meulner,K"]
[Black "Ortpaul,M"]
[Result "1-0"]
[WhiteElo "2154"]
[BlackElo "1953"]

1.d4 Nf6 2.Bg5 d5 3.Bxf6 exf6 4.e3 c6 5.c4 dxc4 6.Bxc4 g6 7.Nf3 Bg7 8.O-O O-O
9.Nbd2 f5 10.Qc2 Re8 11.Rfd1 Qe7 12.Rab1 Be6 13.b4 Nd7 14.Bxe6 Qxe6 15.Nc4 Rac8
16.Qb3 Nb6 17.Na5 Qxb3 18.Rxb3 Re7 19.Rc1 Rce8 20.g3 a6 21.Kg2 Bf6 22.h4 Rd7
23.Ne1 Rc7 24.Nd3 Nd5 25.Nc4 Ree7 26.Nc5 f4 27.e4 Nxb4 28.Rxb4 Bxd4 29.Nd6 Bxc5
30.Rxc5 fxg3 31.f4 f6 32.e5 fxe5 33.fxe5 b5 34.Kxg3 Re6 35.Kf4 Rce7 36.Ne4 h6
37.Rd4 Kf7 38.Rd8 a5 39.Rc8 Rb7  1-0

[Event "8th LGA Premium Cup"]
[Site "Nuernberg GER"]
[Date "2011.09.09"]
[Round "2.52"]
[White "Suess,H"]
[Black "Schoeneberg,M"]
[Result "1/2-1/2"]
[WhiteElo "1986"]
[BlackElo "2279"]

1.d4 Nf6 2.Bg5 d5 3.Bxf6 exf6 4.e3 c6 5.c3 Bd6 6.Bd3 Qc7 7.g3 h5 8.h4 Bg4
9.Be2 Bxe2 10.Qxe2 Nd7 11.Nh3 O-O-O 12.Nd2 Rde8 13.O-O-O f5 14.Qd3 g6 15.Nf4 Nf6
16.Rde1 Ne4 17.Nxe4 Rxe4 18.Kb1 Bxf4 19.gxf4 Kb8 20.Rd1 Rd8 21.Rc1 Ree8 22.a3 Qe7
23.Ka2 Qe4 24.Qxe4 Rxe4 25.Rhg1 Kc7 26.Kb3 Rde8 27.Kc2 a5 28.b3 a4 29.b4 b5
30.Kd2  1/2-1/2

[Event "Sorea Open"]
[Site "Stara Lubovna SVK"]
[Date "2011.09.10"]
[Round "3"]
[White "Jacko,V2"]
[Black "Tropp,L"]
[Result "1-0"]
[WhiteElo "2178"]
[BlackElo "2107"]

1.d4 Nf6 2.Bg5 d5 3.Nd2 Nbd7 4.e3 e6 5.Bd3 h6 6.Bh4 Be7 7.f4 c5 8.c3 a6 9.Ngf3 b5
10.Ne5 Bb7 11.Qf3 c4 12.Bc2 Nxe5 13.fxe5 Ne4 14.Bxe7 Nxd2 15.Kxd2 Qxe7 16.h4 O-O-O
17.Raf1 Rdf8 18.Rf2 h5 19.e4 f6 20.Rhf1 dxe4 21.Bxe4 f5 22.Bxb7+ Qxb7 23.Qxb7+ Kxb7
24.d5 exd5 25.Rxf5 Rxf5 26.Rxf5 Kc6 27.Ke3 Kc5 28.Rf7 Re8 29.Kf4 g6 30.Rc7+ Kb6
31.Rg7 Re6 32.Rf7 Kc6 33.g3 a5 34.a3 Kc5 35.Rf6 Re8 36.Rxg6 b4 37.Ra6 bxa3
38.bxa3 d4 39.Rxa5+ Kb6 40.Ra4 Kb5 41.Rb4+ Kc5 42.cxd4+ Kxd4 43.Rb1 Rf8+
44.Kg5 Kxe5 45.Kxh5 Rh8+ 46.Kg4 Rg8+ 47.Kf3 Ra8 48.Ra1 Rf8+ 49.Ke3 Rg8 50.Rg1 Ra8
51.Ra1 Rg8 52.Kf3 Rf8+ 53.Kg4 Rg8+ 54.Kh3 Rb8 55.h5 Kf6 56.Kh4 c3 57.g4 c2
58.g5+ Kg7 59.Rc1 Rc8 60.Kg4 Rc4+ 61.Kf5 Rc5+ 62.Ke6 Rxg5 63.Rxc2 Rxh5 64.a4 Ra5
65.Ra2 Kf8 66.Kd7 Ra7+ 67.Kc6 Ke8 68.Kb6 Rh7 69.a5 Rh6+ 70.Kb7 Rh7+ 71.Kc8 Rh3
72.Re2+ Kf7 73.a6 Rc3+ 74.Kb8 Rb3+ 75.Ka8 Rb1 76.a7 Rb4 77.Re5 Kf6 78.Re8  1-0

[Event "8th LGA Premium Cup"]
[Site "Nuernberg GER"]
[Date "2011.09.11"]
[Round "6.55"]
[White "Mihok,L"]
[Black "Woerl,R"]
[Result "1-0"]
[WhiteElo "2174"]
[BlackElo "2034"]

1.d4 Nf6 2.Bg5 d5 3.Bxf6 exf6 4.e3 Bf5 5.Nf3 g5 6.Bd3 Bg6 7.Qe2 Bd6 8.Nc3 c6
9.h3 Nd7 10.g4 b5 11.h4 b4 12.Nb1 Qe7 13.Nbd2 Be4 14.O-O-O a5 15.Rh3 a4 16.Ba6 Nb6
17.Nxe4 dxe4 18.Nd2 b3 19.cxb3 a3 20.Nc4 Nxc4 21.Bxc4 Qa7 22.Kb1 axb2 23.Qxb2 f5
24.hxg5 Ba3 25.Qc2 fxg4 26.Rh6 Be7 27.Rxc6 O-O 28.g6 Kh8 29.gxf7 Qb7 30.Rh6 Bg5
31.Rh5 h6 32.Rg1 Rxf7 33.Bxf7 Qxf7 34.Rgh1 Kg7 35.Qxe4 Rc8 36.Rxg5+ hxg5  1-0

[Event "8th LGA Premium Cup"]
[Site "Nuernberg GER"]
[Date "2011.09.11"]
[Round "7.61"]
[White "Suess,H"]
[Black "Stein,Marco"]
[Result "1/2-1/2"]
[WhiteElo "1986"]
[BlackElo "2161"]

1.d4 Nf6 2.Bg5 g6 3.Bxf6 exf6 4.e3 Bg7 5.Bd3 d6 6.Nd2 f5 7.Ne2 Nc6 8.c3 Bd7
9.Qb3 a6 10.Nf4 Bh6 11.Nf3 Ne7 12.c4 Nc6 13.a3 O-O 14.O-O Bxf4 15.exf4 Qf6
16.Qc3 Rae8 17.Rfe1  1/2-1/2

[Event "ch-Euro Youth g16"]
[Site "Albena BUL"]
[Date "2011.09.14"]
[Round "4.21"]
[White "Kukic,L"]
[Black "Vujnovic,P"]
[Result "1/2-1/2"]
[WhiteElo "1802"]
[BlackElo "1940"]

1.d4 Nf6 2.Bg5 d5 3.Nf3 e6 4.c4 c6 5.e3 Nbd7 6.Nc3 Qa5 7.a3 Ne4 8.Qc2 Bb4
9.Rc1 Bxc3+ 10.bxc3 Qxa3 11.Bd3 Nxg5 12.Nxg5 h6 13.Nf3 Qe7 14.O-O O-O 15.e4 dxe4
16.Bxe4 Nf6 17.Rfe1 a5 18.Ne5 Nd7 19.Nf3 Qf6 20.Re3 Re8 21.Ne5 Nxe5 22.dxe5 Qe7
23.Rh3 a4 24.Qd2 Qf8 25.Qg5 hxg5 26.Bh7+ Kh8  1/2-1/2

[Event "5th ch-Euro IBCA"]
[Site "Rhodes GRE"]
[Date "2011.09.15"]
[Round "9.27"]
[White "Armstrong,W"]
[Black "Van Duuren,Louis"]
[Result "0-1"]
[WhiteElo "1948"]
[BlackElo "1859"]

1.d4 Nf6 2.Bg5 c5 3.d5 Qa5+ 4.Bd2 Qb6 5.Nc3 g6 6.e4 d6 7.Nf3 Bg7 8.Be2 O-O
9.O-O a6 10.Rb1 Qd8 11.Qc1 b5 12.b4 Nbd7 13.e5 dxe5 14.bxc5 Nxc5 15.Nxe5 Bb7
16.Bf3 Nxd5 17.Re1 e6 18.Qa3 b4 19.Rxb4 Nxb4 20.Qxb4 Bxe5 21.Qc4 Bxh2+ 22.Kxh2 Qxd2
23.Re3 Bxf3 24.Rxf3 Qh6+ 25.Rh3  0-1

[Event "TCh-FIN SM-Liiga 2011-12"]
[Site "Joensuu FIN"]
[Date "2011.09.17"]
[Round "1.3"]
[White "Pohjala,H"]
[Black "Valli,F"]
[Result "1-0"]
[WhiteElo "2263"]
[BlackElo "2260"]

1.d4 Nf6 2.Bg5 d5 3.e3 Bg4 4.Ne2 Nbd7 5.f3 Bf5 6.c4 c6 7.Nbc3 dxc4 8.Ng3 Be6
9.e4 Nb6 10.Qd2 g6 11.Be2 Bg7 12.Rd1 O-O 13.Bh6 Qc7 14.Bf4 Qd7 15.h4 h5 16.a4 a5
17.Bh6 Rfd8 18.Bxg7 Kxg7 19.Qg5 Nh7 20.Qe3 Qc7 21.f4 Nf6 22.f5 Bd7 23.e5 Nfd5
24.Qg5 Kh7 25.e6 Bxe6 26.O-O Rg8 27.Nce4 f6 28.Qd2 Bf7 29.fxg6+ Bxg6 30.Nf5 Bxf5
31.Rxf5 Kg6 32.Rg5+ Kf7 33.Bxh5+ Kf8 34.Rf1 Rd8 35.Nc5 Rd6 36.Rxg8+ Kxg8
37.Qh6 e6 38.Ne4 Rd7 39.Nxf6+ Nxf6 40.Rxf6 Rg7 41.Rxe6 Nd7 42.Re8+ Nf8 43.Rxf8+ Kxf8
44.Qh8+ Rg8 45.Qf6+ Qf7 46.Qxf7+  1-0

[Event "TCh-NED Meesterklasse 2011-12"]
[Site "Netherlands NED"]
[Date "2011.09.17"]
[Round "1.4"]
[White "Delemarre,J"]
[Black "Grooten,H"]
[Result "0-1"]
[WhiteElo "2421"]
[BlackElo "2333"]

1.d4 Nf6 2.Bg5 d5 3.e3 Ne4 4.Bh4 g5 5.Bg3 Bg7 6.Nd2 Nxg3 7.hxg3 c5 8.c3 Qb6
9.Qb3 c4 10.Qc2 f5 11.b3 cxb3 12.axb3 Nc6 13.g4 fxg4 14.Rxh7 Rxh7 15.Qxh7 Kf8
16.Qh5 e5 17.Qxg5 exd4 18.exd4 Be6 19.Bd3 Nxd4 20.Qf4+ Ke7 21.cxd4 Rf8 22.Qh2 Qxd4
23.Rc1 Qxd3 24.Rc7+ Bd7 25.Qh4+ Rf6 26.Qxg4 Re6+ 27.Kd1 Bc3 28.Nf3 Kd8 29.Qg3 Bb5
30.Rxc3 Qxc3 31.Qg8+ Ke7 32.Qh7+ Kd6 33.Qh2+ Kc6 34.Ne1 Be2+  0-1

[Event "e2e4 Sunningdale Autumn"]
[Site "Sunningdale ENG"]
[Date "2011.09.18"]
[Round "5"]
[White "Wells,P"]
[Black "Hebden,M"]
[Result "0-1"]
[WhiteElo "2497"]
[BlackElo "2506"]

1.d4 Nf6 2.Bg5 d5 3.e3 Ne4 4.Bf4 c5 5.Bd3 Nf6 6.c3 Nc6 7.h3 Qb6 8.Qc1 g6
9.Nf3 Bg7 10.Nbd2 Nd7 11.O-O O-O 12.Rd1 Re8 13.e4 dxe4 14.Nc4 Qd8 15.Bxe4 cxd4
16.cxd4 Nf6 17.Bxc6 bxc6 18.Nce5 Be6 19.Nxc6 Qb6 20.Qc5 Nd5 21.Be5 Bh6 22.b4 Bd7
23.b5 e6 24.Bd6 f6 25.a4 Rac8 26.a5 Qxc5 27.Bxc5 Bxc6 28.bxc6 a6 29.Re1 Rxc6
30.Rab1 e5 31.Rb7 e4 32.Rd7 Nc3 33.g4 Bf4 34.Nh4 Rc7 35.Rxc7 Bxc7 36.Bb6 Bd6
37.Ng2 Rc8 38.Ne3 Kf7 39.Kg2 Nb5 40.f3 Bb4 41.Rd1 Rc3 42.Kf2 exf3 43.Kxf3 Nd6
44.Ke2 Ne4 45.Rb1 Bd6 46.Bd8 Ke8 47.Bb6 Kd7 48.d5 Be5 49.Rb4 Nd6 50.h4 Rc1
51.h5 g5 52.Ba7 Ra1 53.Bb8 Rxa5 54.Bxd6 Ra2+ 55.Kd3 Kxd6 56.Rb6+ Kc5 57.Rc6+ Kb5
58.Nc4 Rf2 59.Nxe5 fxe5 60.Ke4 Re2+ 61.Kf5 e4 62.Rc1 e3 63.d6 Rd2 64.Ke6 e2
65.Re1 Kc6 66.Rc1+ Kb5 67.Re1 a5 68.Ke7 a4 69.d7 a3 70.d8=Q Rxd8 71.Kxd8 a2
72.Ke7 Kc4 73.Kf6 Kc3 74.Rxe2 a1=Q 75.Re6 Qa5 76.Kg7 Qb4 77.Kxh7 Qxg4 78.Rc6+ Kd4
79.Kh6 Qf4 80.Rg6 g4+ 81.Kg7 Qe5+  0-1

[Event "TCh-Central Serbia 2011"]
[Site "Kraljevo SRB"]
[Date "2011.09.23"]
[Round "9.3"]
[White "Civric,Z"]
[Black "Sorgic,D"]
[Result "1-0"]
[WhiteElo "2203"]
[BlackElo "2242"]

1.d4 Nf6 2.Bg5 c5 3.d5 Qb6 4.Nc3 Qxb2 5.Bd2 Qb6 6.e4 d6 7.Bb5+ Bd7 8.Bc4 e5
9.Nge2 Qb4 10.Bb5 Bxb5 11.Rb1 Bxe2 12.Qxe2 Qa5 13.Rxb7 Qd8 14.Nb5 Nbd7 15.Nc7+ Ke7
16.Nxa8 Qxa8 17.Qb5 h6 18.f3 g5 19.Ba5 Bg7 20.Bc7 Rc8 21.O-O Bf8 22.Rb1 Nb6
23.Qc6 Nfd7 24.Qxd6+ Ke8 25.Qc6 Be7 26.a4 Bd6 27.Bxd6 Rxc6 28.dxc6 Kd8 29.c7+  1-0

[Event "TCh-Central Serbia 2011"]
[Site "Kraljevo SRB"]
[Date "2011.09.23"]
[Round "9.3"]
[White "Pavlovic,Dej"]
[Black "Sandic,V"]
[Result "1-0"]
[WhiteElo "2430"]
[BlackElo "2334"]

1.d4 Nf6 2.Bg5 d5 3.Bxf6 exf6 4.e3 f5 5.g3 g6 6.Bg2 Bg7 7.Ne2 O-O 8.O-O c6
9.Nd2 Nd7 10.c4 dxc4 11.Nxc4 Nb6 12.Na5 Qe7 13.Qc2 Be6 14.Nf4 Rad8 15.a3 Nd5
16.Nd3 Qc7 17.b4 Rfe8 18.Rac1 g5 19.Rfe1 h5 20.Nc5 Bc8 21.Ncxb7 Bxb7 22.Qxf5 Qe7
23.Nxb7 Qxb7 24.Qxg5 Qa6 25.Qxh5 Qxa3 26.Rxc6 Qxb4 27.Rec1 Nf6 28.Qf5 Rd6
29.Rc7 Ra6 30.Bd5 Rf8 31.Bxf7+ Rxf7 32.Qc8+ Bf8 33.Rxf7 Kxf7 34.Qxa6 Qb6
35.Ra1 Be7 36.Qa2+ Kf8 37.Qxa7 Qe6 38.Qa8+ Kg7 39.Qf3 Ne4 40.h4 Nd2 41.Qe2 Ne4
42.Ra7 Nf6 43.Qa6 Qe4 44.Qb7  1-0

[Event "Campomanes Mem GM"]
[Site "Yangon MYA"]
[Date "2011.09.23"]
[Round "2"]
[White "Bui Vinh"]
[Black "Aung Aung a Aung Myo Hlaing"]
[Result "1-0"]
[WhiteElo "2458"]
[BlackElo "2333"]

1.d4 Nf6 2.Bg5 g6 3.Bxf6 exf6 4.Nf3 Bg7 5.e3 O-O 6.c4 d6 7.Nc3 f5 8.Be2 Nd7
9.O-O Nf6 10.Qc2 Re8 11.Rfd1 Ne4 12.Bd3 Nxc3 13.bxc3 Bd7 14.a4 a5 15.Rab1 Rb8
16.Bf1 Qe7 17.g3 Bc6 18.Nd2 Qd7 19.Ra1 b6 20.Bg2 Bxg2 21.Kxg2 Re7 22.Rdb1 Rbe8
23.Qb3 h6 24.Qb5 Qc8 25.Qc6 Qa8 26.Qxa8 Rxa8 27.Rb5 Ree8 28.Rab1 Bf6 29.Nf3 Kf8
30.Kf1 Ke7 31.Ke2 Kd7 32.Kd3 Bd8 33.Nd2 h5 34.h4 Ra6 35.Nf3 Ra8 36.Ng1 c6
37.R5b2 f6 38.Nf3 Ra7 39.Ng1 Rg8 40.Ne2 g5 41.Rh1 Rh8 42.Ng1 Ke6 43.d5+ cxd5
44.cxd5+ Kxd5 45.Rb5+ Ke6 46.Ne2 Rc7 47.Nd4+ Kd7 48.Nxf5 Rc5 49.Rxc5 bxc5
50.e4 Ke6 51.c4  1-0

[Event "Campomanes Mem GM"]
[Site "Yangon MYA"]
[Date "2011.09.24"]
[Round "4"]
[White "Mynn Htoo"]
[Black "Sriram,J"]
[Result "1-0"]
[WhiteElo "2327"]
[BlackElo "2410"]

1.d4 Nf6 2.Bg5 d5 3.e3 e6 4.Nd2 c5 5.c3 Nc6 6.f4 Qb6 7.Rb1 cxd4 8.exd4 Ne4
9.Nxe4 dxe4 10.Nh3 Bd7 11.Be2 h6 12.Bh4 Be7 13.Bf2 O-O 14.O-O Qc7 15.g4 Rad8
16.Be3 Bc8 17.Qc1 Bd6 18.Rf2 Ne7 19.c4 Qc6 20.Qf1 f6 21.b3 b6 22.Qg2 Rf7
23.Rbf1 Rdf8 24.f5 Qb7 25.Bd1 Re8 26.Bc2 Rff8 27.Bxe4 Qb8 28.fxe6 Bxe6 29.Nf4 Bf7
30.Bc1 Rd8 31.Bf5 b5 32.Ne6 bxc4 33.bxc4 Bxe6 34.Bxe6+ Kh8 35.Qe4 Qb4 36.g5 f5
37.Qf3 Qb6 38.gxh6 g6 39.h7 Be5 40.d5 Nc8 41.Kh1 Qc7 42.Rg2 Qxh7 43.Rg3 Rde8
44.Rh3 Re7 45.Rxh7+ Rxh7 46.Qe2  1-0